000 00447 a2200181 4500
005 20260210101640.0
008 260209b |||||||| |||| 00| 0 eng d
020 _a9780367240196
_cRs. 1295.00
040 _aMAIN
082 _a577.27
_bS26B
100 _aSparling, Donald W
245 _aBasics of ecotoxicology
260 _bCRC Press
_c2025
_aBocaraton
300 _axv, 221
650 _aEcology
650 _aEcotoxicology
942 _cBK
999 _c396075
_d396075